000 00743nam a22002417a 4500
003 OSt
005 20250317173821.0
008 250317b |||||||| |||| 00| 0 sp d
020 _a9789508085221
040 _acunsuroc
_besp
_canacap
082 _21a. ed.
_a320.1 L11
_b1
100 _aIazzetta, Osvaldo
_911692
245 _aDemocracias en busca del Estado
_bEnsayos sobre América Latina.
_cIazzetta, Osvaldo
_hFísico
250 _a1a. ed.
260 _aArgentina:
_bEdiciones HomoSapiens,
_c2007
300 _a190p. ;
_c23cm.
365 _b1
_d121.34
_jar
490 _aColección Politeia
650 _2Ciencias Políticas
650 _2Estado
650 _2Ciudadania
942 _2ddc
_cBK
_e1a. ed.
_h320.1 I11
_n0
999 _c4672
_d4672